000 00607cab a2200241 4500
001 ABS44873
008 090401t1991 xxu||||| |||| 00| 0 eng d
035 _a(Sirsi) u49621
041 _aeng
100 _aRiera, P.
245 _aPractice of land use planning in Spain
260 _c1991
350 _a0
490 _aPPR
_v6(2) Summer 1991, 11-18(8)
520 _aDescribes the statutory land use planning system in Spain.
650 _aDEVELOPMENT
650 _aLEGISLATION
690 _aOVERSEAS-EUROPE
700 _aMunt, I.
700 _aKeyes, J.
942 _n0
948 _c04/03/1997
999 _c31065
_d31065